000 00533nam a2200193 4500
005 20241022141552.0
010 _aENG-142257
020 _c399.00
_a9780349121420
035 _aEN-125789
037 _bDBAD
082 _a370.15
100 _aIyengar,Sheena
_973150
245 _aThe Art of Choosing/
_cSheena Iyengar
250 _aFirst
260 _aLondon
_bAbacus
_c2010
270 _aLittle,Brown Book Group 100 Victoria Embarkment
_bLondon
300 _a336p.
_c20cm(pb)
942 _2ddc
_cEN
_h370.15
_mIYE
999 _c206569
_d206569